000 00639aam a2200277 4500
005 20251211150356.0
008 150603b1999 xxu||||| |||| 00| 0 spa d
041 _aESP
082 _a363.7 S181s
245 _aSalvemos nuestro planeta: tu eres parte de la solución
260 _aCosta Rica
260 _bINTEL
260 _c1999
300 _a50 páginas
490 _aTurismo
650 _aCONTAMINACIÓN AMBIENTAL
650 _aDESECHOS
650 _aRECICLAJE
650 _aAGUA
650 _aAIRE
650 _aBIODIVERSIDAD
650 _aSALUD
650 _aSEGURIDAD
650 _aQUIMICOS
942 _cBK
_2ddc
999 _c2525
_d2525